[Event "Kuopio op1"]
[Site "Kuopio"]
[Date "1995.??.??"]
[Round "?"]
[White "Maidla, Vallo"]
[Black "Niemela, Antti"]
[Result "1-0"]
[WhiteElo "2350"]
[BlackElo "2190"]

1.e4 c5 2.Nf3 d6 3.d4 cxd4 4.Nxd4 Nf6 5.Nc3 Nc6 6.Bg5 e6 7.Qd2 a6 8.O-O-O h6
9.Be3 Be7 10.f3 Nxd4 11.Bxd4 e5 12.Be3 Be6 13.Nd5 Nxd5 14.exd5 Bf5 15.Qb4 b5
16.Bd3 Bxd3 17.Rxd3 Bg5 18.Re1 O-O 19.Rc3 Bxe3+ 20.Rexe3 Qb6 21.a4 Rfc8 22.Kb1 Rc5
23.Rxc5 dxc5 24.Qe4 f6 25.f4 exf4 26.Qxf4 Rd8 27.Re6 Qa5 28.Qg4 Qxa4 29.Qxa4 bxa4
30.c4 Rb8 31.Kc2 Rb4 32.Kd3 Rxb2 33.Rc6 Rxg2 34.Rxc5 Rxh2 35.Ra5 Kf7 36.Rxa6 a3
37.c5 a2 38.Ra7+ Ke8 39.c6 Rh1 40.Rxa2 Rc1 41.Kd4 g5 42.Ra8+ Ke7 43.Ra7+ Ke8
44.Rh7 g4 45.c7 Rd1+ 46.Ke4 Re1+ 47.Kf5 Rf1+ 48.Kg6  1-0

[Event "Kuopio op2"]
[Site "Kuopio"]
[Date "1995.??.??"]
[Round "?"]
[White "Houtsonen, Pedri"]
[Black "Karner, Hillar"]
[Result "0-1"]
[WhiteElo "2145"]
[BlackElo "2325"]

1.e4 c5 2.Nf3 Nc6 3.d4 cxd4 4.Nxd4 Nf6 5.Nc3 d6 6.Bg5 e6 7.Bb5 Bd7 8.Bxc6 bxc6
9.Qf3 Qb6 10.Nb3 Be7 11.e5 dxe5 12.O-O-O Rd8 13.Rhe1 O-O 14.Rxe5 Rfe8 15.Be3 Qc7
16.Ra5 Ra8 17.a3 Nd5 18.Bc5 Bg5+ 19.Kb1 f5 20.g3 Reb8 21.Ra4 a5 22.Rc4 Be8
23.Na4 Bf7 24.Qd3 Rd8 25.Qe2 e5 26.f4 exf4 27.Rcd4 Re8 28.Qd3 Bf6 29.Rc4 fxg3
30.Qxf5 gxh2 31.Re4 Rxe4 32.Qxe4 Re8 33.Qg2 Qf4 34.Nb6 Nxb6 35.Bxb6 Bd5 36.Qh3 Qf3
37.Qd7 Qxd1+ 38.Ka2 Bxb3+ 39.cxb3 Qxd7  0-1

[Event "Kuopio op2"]
[Site "Kuopio"]
[Date "1995.??.??"]
[Round "?"]
[White "Houtsonen, Pedri"]
[Black "Veingold, Aleksandr"]
[Result "0-1"]
[WhiteElo "2145"]
[BlackElo "2410"]

1.e4 c5 2.Nf3 Nc6 3.d4 cxd4 4.Nxd4 Nf6 5.Nc3 d6 6.Bg5 e6 7.Bb5 Qb6 8.Bxf6 gxf6
9.Nd5 exd5 10.exd5 a6 11.Qe2+ Kd8 12.Nxc6+ bxc6 13.Bxc6 Ra7 14.O-O Re7 15.Qf3 f5
16.a4 Rg8 17.a5 Qxb2 18.Qd3 Bg7 19.Qg3 f4 20.Qxf4 Be5 21.Qa4 Bh3 22.Rfb1 Rxg2+
23.Kh1 f6 24.f4 Qxa1 25.Rxa1 Bxa1 26.Qb4 Kc8 27.f5 Rxc2  0-1

[Event "La Coruna TH op"]
[Site "La Coruna"]
[Date "1995.??.??"]
[Round "2"]
[White "Gonzalez Diaz, Julio"]
[Black "Armas, Jorge"]
[Result "0-1"]
[WhiteElo "2040"]
[BlackElo "2425"]

1.e4 c5 2.Nf3 d6 3.d4 cxd4 4.Nxd4 Nf6 5.Nc3 Nc6 6.Bg5 e6 7.Bb5 Bd7 8.Bxc6 bxc6
9.Qf3 Qb6 10.O-O-O c5 11.Nde2 Rb8 12.b3 Bc6 13.Ng3 Nd7 14.Bf4 Qc7 15.Qd3 Ne5
16.Bxe5 dxe5 17.Nf1 c4 18.Qxc4 Ba3+ 19.Kb1 O-O 20.Ne3 Rfc8 21.Rd2 a5 22.Ned1 Bb4
23.h4 a4 24.Rh3 Qa5 25.Qe2 Bb7 26.Qf3 f5 27.Re2 Rd8 28.Re3 axb3 29.cxb3 Rd2
30.Re2 Bxc3 31.Nxc3 Bxe4+ 32.Rxe4 Qa3  0-1

[Event "Leeuwarden op"]
[Site "Leeuwarden"]
[Date "1995.??.??"]
[Round "4"]
[White "Los, Sander"]
[Black "Van der Wiel, John TH"]
[Result "0-1"]
[WhiteElo "2365"]
[BlackElo "2545"]

1.e4 c5 2.Nf3 d6 3.d4 cxd4 4.Nxd4 Nf6 5.Nc3 Nc6 6.Bg5 e6 7.Qd2 a6 8.O-O-O Bd7
9.f3 Qc7 10.Kb1 Be7 11.h4 Nxd4 12.Qxd4 b5 13.f4 h6 14.Bxf6 gxf6 15.f5 Qc5
16.Qd2 Bc6 17.Bd3 O-O-O 18.Rhe1 Bf8 19.Ne2 h5 20.Qa5 exf5 21.Nc3 Bb7 22.Nd5 b4
23.Qa4 a5 24.Bb5 Rg8 25.c3 bxc3 26.Rc1 Kb8 27.Qxa5 Bh6 28.Rxc3 Bd2 29.Rec1 fxe4
30.Nb4 Bxc3 31.Rxc3 Qg1+ 32.Rc1 Qa7 33.Qc7+ Ka8 34.Nc6 Rc8 35.Qxc8+ Rxc8
36.Nxa7 Kxa7 37.Rxc8 Bxc8 38.Be2 e3 39.Bxh5 d5 40.Be2 d4 41.Kc1 Bf5 42.Kd1 d3
43.b4 Ka6 44.a4 Kb6 45.Ke1 Kc7 46.g4 d2+ 47.Kd1 Bd7 48.b5 f5 49.Kc2 fxg4
50.Kd3 g3 51.Kxe3 f5 52.Bf3 d1=Q 53.Bxd1 f4+ 54.Kf3 Bg4+ 55.Kxg4 g2 56.Kxf4 g1=Q  0-1

[Event "GER-chJT"]
[Site "Leipzig"]
[Date "1995.??.??"]
[Round "?"]
[White "Heymann, Ulrike"]
[Black "Naumann, Alexander"]
[Result "0-1"]
[WhiteElo "2105"]
[BlackElo "2360"]

1.e4 c5 2.Nf3 Nc6 3.d4 cxd4 4.Nxd4 Nf6 5.Nc3 d6 6.Bg5 e6 7.Qd2 a6 8.O-O-O h6
9.Bh4 Bd7 10.f3 Rc8 11.g4 Nxe4 12.Nxe4 Qxh4 13.Nb3 d5 14.Nec5 Rc7 15.h3 Bd6
16.Ne4 Be5 17.f4 dxe4 18.fxe5 Qg5 19.Bg2 Nxe5 20.Bxe4 Nc4 21.Qxg5 hxg5 22.Nd4 Ke7
23.Rde1 f6 24.b3 Ne5 25.Kb2 Bc6 26.Bxc6 bxc6 27.Re4 c5 28.Ne2 c4 29.b4 Rb7
30.Kc3 a5 31.a3 axb4+ 32.axb4 Ra8 33.Nd4 Ra3+ 34.Kd2 Kf7 35.Rf1 Kg6 36.c3 Ra2+
37.Ke3 Rd7 38.Rb1 Rh2 39.b5 Rxh3+ 40.Kd2 Rh2+ 41.Ke3 Rh3+ 42.Ke2 Rxc3 43.b6 Rb7
44.Nxe6 Rb3  0-1

[Event "Lenk op"]
[Site "Lenk"]
[Date "1995.??.??"]
[Round "7"]
[White "Loeffler, Stefan"]
[Black "Videki, Sandor"]
[Result "1-0"]
[WhiteElo "2415"]
[BlackElo "2470"]

1.e4 c5 2.Nf3 d6 3.d4 cxd4 4.Nxd4 Nf6 5.Nc3 Nc6 6.Bg5 Bd7 7.Be2 Qa5 8.Bxf6 gxf6
9.O-O Nxd4 10.Qxd4 Rc8 11.a4 a6 12.Kh1 Qc5 13.Qd2 Bg7 14.Bd3 h5 15.Nd5 e6
16.b4 Qa7 17.Ne3 Qd4 18.Ra3 Ke7 19.c3 Qb6 20.a5 Qc7 21.Nc4 Rcd8 22.Nb6 h4
23.h3 Bh6 24.f4 Rdg8 25.Bc4 Rg3 26.Qd4 Rhg8 27.Ra2 Bc6 28.Re2 Bb5 29.Rff2 Bxc4
30.Nxc4 Rd8 31.Ne3 Rc8 32.Rc2 Kf8 33.Ng4 Bg7 34.f5 e5 35.Qd5 Rxc3 36.Rxc3 Qxc3
37.Qxd6+ Kg8 38.Rf1 Rc6 39.Qb8+ Kh7 40.Qxb7 Qc4 41.Ne3 Qxe4 42.b5 Rc4 43.Qxf7  1-0

[Event "Linares op"]
[Site "Linares"]
[Date "1995.??.??"]
[Round "?"]
[White "Luther, Thomas"]
[Black "Komljenovic, Davor"]
[Result "1-0"]
[WhiteElo "2550"]
[BlackElo "2465"]

1.e4 c5 2.Nf3 Nc6 3.d4 cxd4 4.Nxd4 Nf6 5.Nc3 d6 6.Bg5 e6 7.Qd2 a6 8.O-O-O Bd7
9.f3 Qc7 10.Kb1 b5 11.Nxc6 Bxc6 12.h4 Be7 13.Bd3 h6 14.Be3 Nd7 15.Ne2 Bb7
16.Nd4 Ne5 17.g4 h5 18.gxh5 Rxh5 19.Rhg1 g6 20.Bg5 Rd8 21.Be2 Bxg5 22.hxg5 Nc4
23.Bxc4 Qxc4 24.Rh1 Rxh1 25.Rxh1 e5 26.Nb3 Qc7 27.Qh2 Ke7 28.Nc1 Qc5 29.Re1 Qc8
30.Nd3 Rh8 31.Qf2 Kf8 32.f4 exf4 33.Nxf4 Kg8 34.Nd5 Qe6 35.Nf6+ Kg7 36.a3 Qe5
37.Rf1 Qe6 38.Ng4 Bxe4 39.Qd4+ Kg8 40.Nf6+  1-0

[Event "Linares zt"]
[Site "Linares"]
[Date "1995.??.??"]
[Round "1"]
[White "Daly, Colm"]
[Black "San Segundo, Pablo"]
[Result "0-1"]
[WhiteElo "2280"]
[BlackElo "2520"]

1.e4 c5 2.Nf3 Nc6 3.d4 cxd4 4.Nxd4 Nf6 5.Nc3 d6 6.Bg5 e6 7.Qd2 a6 8.O-O-O h6
9.Bf4 Bd7 10.Nxc6 Bxc6 11.f3 d5 12.Qe1 Bb4 13.a3 Ba5 14.e5 Nd7 15.Bd2 Qc7
16.f4 Rc8 17.Kb1 O-O 18.Bd3 Nc5 19.Ne2 Bb6 20.Bc3 Nxd3 21.cxd3 Ba4 22.Rc1 Be3
23.Ba5 Bc2+ 24.Ka1 Qd7 25.Bd2 d4 26.Ng3 Qa4 27.Bxe3 dxe3 28.Nh5 Rfd8 29.Qg3 g6
30.Nf6+ Kg7 31.Qxe3 Rc3 32.Rxc2 Rxc2 33.Rc1 Qd4 34.Nh5+ Kf8  0-1

[Event "Linares zt"]
[Site "Linares"]
[Date "1995.??.??"]
[Round "3"]
[White "Santo Roman, Marc"]
[Black "Gentilleau, Jean Philippe"]
[Result "0-1"]
[WhiteElo "2485"]
[BlackElo "2225"]

1.e4 c5 2.Nf3 d6 3.d4 cxd4 4.Nxd4 Nf6 5.Nc3 Nc6 6.Bg5 e6 7.Qd2 Be7 8.O-O-O O-O
9.Nb3 Qb6 10.Kb1 Rd8 11.Qe1 a6 12.h4 Qc7 13.f3 b5 14.h5 h6 15.Be3 d5 16.exd5 Nxd5
17.Nxd5 Rxd5 18.Rxd5 exd5 19.Qd2 Bf5 20.g4 Bb4 21.Qd1 Re8 22.Bf2 Bh7 23.Bd3 Bxd3
24.Qxd3 Bf8 25.Nd4 Nxd4 26.Bxd4 Qg3 27.Qf1 Qf4 28.Qf2 a5 29.a3 a4 30.c3 Qc7
31.Qf1 Qc4 32.Qxc4 dxc4 33.Rf1 Bd6 34.Rf2 Re1+ 35.Ka2 Bf4 36.Bc5 g6 37.hxg6 fxg6
38.Bd4 Kf7 39.Bc5 h5 40.gxh5 gxh5 41.Bd4 h4 42.Rg2 h3 43.Rg4 h2 44.Rxf4+ Ke8
45.Rh4 h1=Q 46.Rxh1 Rxh1 47.f4 Rf1 48.Be5 Kd7 49.Bb8 Ke6 50.Bc7 Kf5 51.Bd6 Ke4
52.Bc7 Kd3 53.Bd6 Kc2 54.Be5 Rb1 55.f5 Rxb2+ 56.Ka1 Kb3  0-1

[Event "Linares zt"]
[Site "Linares"]
[Date "1995.??.??"]
[Round "6"]
[White "Santo Roman, Marc"]
[Black "Garcia Paolicchi, Raul"]
[Result "1/2-1/2"]
[WhiteElo "2485"]
[BlackElo "2295"]

1.e4 c5 2.Nf3 Nc6 3.d4 cxd4 4.Nxd4 Nf6 5.Nc3 d6 6.Bg5 e6 7.Qd2 a6 8.O-O-O h6
9.Be3 Bd7 10.f4 Be7 11.Kb1 O-O 12.h3 b5 13.Bd3 Qc7 14.g4 Nxd4 15.Bxd4 b4
16.Ne2 e5 17.Be3 Bc6 18.Ng3 d5 19.fxe5 Nxe4 20.Bxe4 dxe4 21.Nf5 Rfd8 22.Qf2 Bf8
23.Qg3 Ba4 24.b3 Rac8  1/2-1/2

[Event "Linares zt"]
[Site "Linares"]
[Date "1995.??.??"]
[Round "8"]
[White "Wells, Peter K"]
[Black "Van der Wiel, John TH"]
[Result "1/2-1/2"]
[WhiteElo "2545"]
[BlackElo "2545"]

1.e4 c5 2.Nf3 d6 3.d4 cxd4 4.Nxd4 Nf6 5.Nc3 Nc6 6.Bg5 e6 7.Qd2 a6 8.O-O-O Bd7
9.f4 h6 10.Bxf6 Qxf6 11.Nxc6 Bxc6 12.Bc4 Be7 13.Qe3 g5 14.g3 gxf4 15.gxf4 O-O-O
16.Kb1 Rd7 17.Rhf1 Rhd8 18.Qb6 Rc7 19.Qa7 Rcd7 20.Qb6 Rc7 21.Qa7 Rcd7 22.Qb6 Rc7  1/2-1/2

[Event "Litomysl op"]
[Site "Litomysl"]
[Date "1995.??.??"]
[Round "1"]
[White "Kosata, Jan"]
[Black "Majer, Jiri"]
[Result "1-0"]
[WhiteElo "2015"]
[BlackElo "2300"]

1.e4 c5 2.Nf3 Nc6 3.d4 cxd4 4.Nxd4 Nf6 5.Nc3 d6 6.Bg5 e6 7.Qd2 Be7 8.f4 O-O
9.O-O-O Nxd4 10.Qxd4 Qa5 11.e5 dxe5 12.Qxe5 Qxe5 13.fxe5 Nd5 14.Bxe7 Nxe7
15.Bd3 Nc6 16.Rhe1 Rd8 17.Be4 Bd7 18.Nb5 Rab8 19.Nd6 Rf8 20.Bf3 h6 21.a3 a6
22.b4 b6 23.Nc4 Rfd8 24.Rd6 Be8 25.Rxd8 Rxd8 26.Nxb6 Rb8 27.Nc4 Nd4 28.Nd6 Ba4
29.c3 Nb3+ 30.Kb2 Nc5 31.Be4 Bc6 32.Re3 Ba4 33.Bc2 Bc6 34.g3 Kf8 35.Ka2 Nd7
36.c4 Ke7 37.c5 a5 38.Be4 Nxe5 39.Bxc6 Nxc6 40.b5 Nd4 41.a4 f6 42.Kb2 e5
43.Kc3 Ke6 44.Kc4 f5 45.b6 g5 46.Nb5 Nc6 47.Nc7+ Kf6 48.Rd3 Rd8 49.Rxd8 Nxd8
50.Kd5 e4 51.c6 e3 52.b7 Nxc6 53.Kxc6 e2 54.b8=Q e1=Q 55.Nd5+ Kf7 56.Qc7+ Kg6
57.Qd6+ Kh5 58.h3 Qe8+ 59.Kc5 Qxa4 60.Nf6+ Kg6 61.Ng4+  1-0

[Event "Litomysl op"]
[Site "Litomysl"]
[Date "1995.??.??"]
[Round "2"]
[White "Varga, Zoltan"]
[Black "Pisk, Petr"]
[Result "1-0"]
[WhiteElo "2535"]
[BlackElo "2275"]

1.e4 c5 2.Nf3 d6 3.d4 cxd4 4.Nxd4 Nf6 5.Nc3 Nc6 6.Bg5 e6 7.Qd2 a6 8.O-O-O h6
9.Be3 Nxd4 10.Qxd4 Qa5 11.Bc4 Bd7 12.Bb3 Be7 13.f3 O-O 14.g4 b5 15.h4 b4
16.Nb1 Ba4 17.g5 Bxb3 18.axb3 Nh5 19.gxh6 g6 20.Bg5 Bxg5+ 21.hxg5 Qxg5+ 22.Nd2 e5
23.Qxb4 a5 24.Qa4 Qxh6 25.Kb1 Qe3 26.Nc4 Qxf3 27.Nb6 Ra7 28.Nd5 Nf4 29.Rdf1 Qg2
30.Nxf4  1-0

[Event "Litomysl op"]
[Site "Litomysl"]
[Date "1995.??.??"]
[Round "3"]
[White "Frindt, Kornel"]
[Black "Majer, Jiri"]
[Result "0-1"]
[WhiteElo "2155"]
[BlackElo "2300"]

1.e4 c5 2.Nf3 Nc6 3.d4 cxd4 4.Nxd4 Nf6 5.Nc3 d6 6.Bg5 e6 7.Be2 Be7 8.Qd2 O-O
9.O-O a6 10.a4 Qc7 11.Nb3 Bd7 12.Rfd1 Ne5 13.Bf4 Bc6 14.f3 Rac8 15.Qe3 h6
16.Bg3 Rfe8 17.Bf2 d5 18.Bd3 dxe4 19.Nxe4 Nxe4 20.fxe4 Ng4 21.Qg3 Nxf2 22.Qxc7 Nh3+
23.gxh3 Rxc7 24.Nd2 Bc5+ 25.Kf1 Bd6 26.Kg1 Bc5+ 27.Kf1 f5 28.Ke2 Bd6 29.Rh1 Bf4
30.Rhf1 Bxh2 31.b3 g5 32.b4 Bf4 33.b5 Bd7 34.Rab1 axb5 35.axb5 Rc5 36.Rb4 Kg7
37.Nb3 Re5 38.Na5 fxe4 39.Bc4 Rc8 40.Rd1 Be8 41.Ke1 Bg3+ 42.Kf1 e3 43.Kg2 Bh4
44.Rbb1 e2 45.Re1 Bxe1 46.Rxe1 Bxb5 47.Bxb5 Rxb5 48.Nb3 Re5 49.Nd4 Re4 50.Nb5 Rxc2
51.Nd6 Rb4 52.Kf3 b5 53.Ne4  0-1

[Event "Litomysl op"]
[Site "Litomysl"]
[Date "1995.??.??"]
[Round "5"]
[White "Tolnai, Tibor"]
[Black "Majer, Jiri"]
[Result "1-0"]
[WhiteElo "2455"]
[BlackElo "2300"]

1.e4 c5 2.Nf3 Nc6 3.d4 cxd4 4.Nxd4 Nf6 5.Nc3 d6 6.Bg5 e6 7.Qd3 Be7 8.O-O-O O-O
9.f4 Nxd4 10.Qxd4 Qa5 11.Bc4 Bd7 12.Bb3 Bc6 13.Rhe1 Rfe8 14.Kb1 Rad8 15.Qd2 h6
16.Bxf6 Bxf6 17.Nd5 Qxd2 18.Nxf6+ gxf6 19.Rxd2 Kf8 20.c4 Ke7 21.Bc2 Rg8 22.Re3 Rg4
23.g3 Rgg8 24.Bd1 Rh8 25.Bh5 Rhg8 26.b3 Rc8 27.Kb2 Rgd8 28.a3 Rg8 29.Bf3 Rgd8
30.Rc3 b6 31.Rcd3 Be8 32.Rd1 b5 33.cxb5 Bxb5 34.Rd4 Bc6 35.R4d3 Bb5 36.R3d2 Bc6
37.Bg2 Be8 38.Rd4 Rc7 39.R1d2 Rc5 40.Bf3 Rcc8 41.Be2 Rb8 42.Rc2 Rdc8 43.Rdc4 Rxc4
44.Rxc4 Kd8 45.a4 Rc8 46.Rxc8+ Kxc8 47.Bh5 Kd8 48.Kc3 Ke7 49.Be2 Bc6 50.Bd3 d5
51.e5 fxe5 52.fxe5 f6 53.Kd4 a5 54.h4 Bb7 55.g4 Ba8 56.Ba6 Kf7 57.Bc8 Bc6
58.Kc5 Be8 59.Kd6 d4 60.Bxe6+ Kg7 61.Bc4 Bg6 62.h5 Bc2 63.e6 d3 64.e7 d2
65.Be2  1-0

[Event "Litomysl op"]
[Site "Litomysl"]
[Date "1995.??.??"]
[Round "5"]
[White "Spisak, Czeslaw"]
[Black "Varga, Zoltan"]
[Result "1/2-1/2"]
[WhiteElo "2335"]
[BlackElo "2535"]

1.e4 c5 2.Nf3 Nc6 3.d4 cxd4 4.Nxd4 Nf6 5.Nc3 d6 6.Bg5 e6 7.Qd2 Be7 8.O-O-O O-O
9.f4 h6 10.h4 Nxd4 11.Qxd4 hxg5 12.hxg5 e5 13.Qf2 Ng4 14.Qh4 Nh6 15.Qh2 Bxg5
16.fxg5 Qxg5+ 17.Kb1 Be6 18.Rd3 Kh7 19.Rg3 Qf4 20.Bd3 Rac8 21.Rf1 Qd2 22.Rd1 Qf4
23.Rf1 Qd2 24.Rd1 Qf4  1/2-1/2

[Event "Ljubljana op"]
[Site "Ljubljana"]
[Date "1995.??.??"]
[Round "2"]
[White "Podkriznik, Gregor"]
[Black "Sher, Miron N"]
[Result "0-1"]
[WhiteElo "2210"]
[BlackElo "2510"]

1.e4 c5 2.Nf3 d6 3.d4 Nf6 4.Nc3 cxd4 5.Nxd4 Nc6 6.Bg5 e6 7.Qd2 a6 8.O-O-O h6
9.Be3 Be7 10.f4 Nxd4 11.Bxd4 b5 12.Bd3 Bb7 13.Qe3 Qc7 14.Kb1 O-O 15.Qg3 b4
16.Ne2 Rac8 17.Rhe1 Ne8 18.h4 Bc6 19.e5 Bb5 20.Rc1 Qd8 21.Bxb5 axb5 22.Qb3 Rc4
23.g4 Qa8 24.f5 Bxh4 25.Rh1 Bg5 26.Rce1 dxe5 27.Bxe5 Bd2 28.Rd1 Qe4 29.Qd3 Bg5
30.Bd4 Qxd3 31.Rxd3 exf5 32.gxf5 Nf6 33.Be3 Bxe3 34.Rxe3 Rd8 35.Kc1 Rdc8
36.c3 bxc3 37.bxc3 Nd5 38.Rg3 Nxc3 39.Nxc3 Rxc3+ 40.Rxc3 Rxc3+ 41.Kb2 Rf3  0-1

[Event "POL-chT"]
[Site "Lubniewice"]
[Date "1995.??.??"]
[Round "2"]
[White "Szelag, Marcin"]
[Black "Przewoznik, Jan"]
[Result "0-1"]
[WhiteElo "2275"]
[BlackElo "2390"]

1.e4 c5 2.Nf3 Nc6 3.d4 cxd4 4.Nxd4 Nf6 5.Nc3 d6 6.Bg5 e6 7.Qd2 a6 8.O-O-O h6
9.Bf4 Bd7 10.Nxc6 Bxc6 11.f3 d5 12.exd5 Nxd5 13.Be5 Qa5 14.Nxd5 Qxd5 15.Qxd5 Bxd5
16.Bd3 O-O-O 17.Rhe1 f6 18.Bc3 Bd6 19.Ba5 Bf4+ 20.Kb1 Rd7 21.c4 Bc6 22.Rxe6 Kb8
23.h3 Rc8 24.Bb6 Be5 25.b3 g5 26.Kc2 Bd5 27.Rxe5 fxe5 28.Bf5 Be6 29.Bxe6 Rxd1
30.Bxc8 Ra1 31.Kb2 Re1 32.Bf5 Re2+ 33.Ka3 Rxg2 34.Bd8 Rf2 35.Bg4 Ka8 36.Bc7 b5
37.Bxe5 bxc4 38.bxc4 Kb7 39.Bd7 Rxf3+ 40.Kb4 Rd3 41.Bf5 Re3 42.Bd4 Re2 43.a4 Kc6
44.Bg4 Rd2 45.Bg7 Rd6 46.c5 Rg6 47.Be5 Kd5 48.Bh5 Re6 49.Bf7 Kxe5 50.Bxe6 Kxe6
51.Ka5 Kd7 52.Kxa6 Kc6 53.Ka7 Kc7 54.a5 h5 55.a6 h4 56.c6 g4 57.Ka8 Kc8 58.Ka7 g3
59.c7 Kxc7 60.Ka8 g2 61.a7 Kb6  0-1

[Event "POL-chT"]
[Site "Lubniewice"]
[Date "1995.??.??"]
[Round "2"]
[White "Dobrowolski, Piotr"]
[Black "Blehm, Pawel"]
[Result "1/2-1/2"]
[WhiteElo "2390"]
[BlackElo "2340"]

1.e4 c5 2.Nf3 d6 3.d4 cxd4 4.Nxd4 Nf6 5.Nc3 Nc6 6.Bg5 Bd7 7.Qd2 Rc8 8.O-O-O Nxd4
9.Qxd4 Qa5 10.f4 e6 11.Kb1 Bc6 12.Bd3 Be7 13.Rhe1 e5 14.Qf2 O-O 15.Bxf6 Bxf6
16.f5 d5 17.exd5 Bxd5 18.Nxd5 Qxd5 19.Be4 Qc4 20.Qe2 Qxe2 21.Rxe2 Rfd8 22.Red2 b6
23.Rxd8+ Rxd8 24.Rxd8+ Bxd8 25.b4 Kf8 26.Kb2 Ke7 27.Kb3 Kd6 28.Kc4 Bg5 29.Kb5 Kc7
30.c4 Be3 31.g4 g6 32.Bd5 gxf5 33.gxf5 f6 34.Bf3 Bg1 35.h3 Bf2 36.c5 bxc5
37.bxc5 Be3 38.Kc4 Bg5 39.Kd5 Kd7 40.Be2 Be3 41.c6+ Kc7 42.a4 Bb6  1/2-1/2

[Event "Lvov"]
[Site "Lvov"]
[Date "1995.??.??"]
[Round "1"]
[White "Sulipa, Aleksandar"]
[Black "Levin, Felix"]
[Result "1/2-1/2"]
[WhiteElo "2435"]
[BlackElo "2490"]

1.e4 c5 2.Nf3 d6 3.d4 cxd4 4.Nxd4 Nf6 5.Nc3 Nc6 6.Bg5 Qb6 7.Bxf6 gxf6 8.Nb3 e6
9.Bd3 Be7 10.Qh5 Bd7 11.O-O Ne5 12.Be2 O-O 13.Kh1 Kh8 14.f4 Ng6 15.Bd3 Rg8
16.Ne2 Rg7 17.a4 a5 18.Nbd4 Rag8 19.Bb5 Bc6 20.Bxc6 bxc6 21.g3 Nf8 22.Qf3 Nd7
23.c4 Rc8 24.b3 Nc5 25.Rab1 Rd8 26.Rfd1 Na6 27.Nc3 Nb4 28.Qe2 Qb7 29.Qf3 Rd7
30.Kg2 Rg8 31.Rd2 Rc8 32.Rbd1 Bf8 33.Nde2 Na6 34.Rb1 Nc5 35.Nd4 Rb8 36.Rdb2 Qc8
37.b4 axb4 38.Rxb4 Rxb4 39.Rxb4 Ra7 40.Qd1 Ra8 41.Rb6 Ra6 42.Qb1 Kg7 43.Nxc6 Nxa4  1/2-1/2

[Event "Mainz op"]
[Site "Mainz"]
[Date "1995.??.??"]
[Round "8"]
[White "Nothnagel, Holger"]
[Black "Sher, Miron N"]
[Result "1/2-1/2"]
[WhiteElo "2310"]
[BlackElo "2510"]

1.Nc3 c5 2.Nf3 Nf6 3.e4 d6 4.d4 cxd4 5.Nxd4 Nc6 6.Bg5 e6 7.Qd2 a6 8.O-O-O h6
9.Be3 Be7 10.f4 Nxd4 11.Bxd4 b5 12.Bd3 Bb7 13.Kb1 O-O 14.h3 b4 15.Bxf6 Bxf6
16.Ne2 a5 17.Qe3 e5 18.g4 exf4 19.Nxf4 Qe7 20.Nh5 Be5 21.Rhg1 Kh7 22.Rdf1 g6
23.Nf4 Bg7 24.Bc4 a4 25.Nd3 d5 26.Qc5 Qxe4 27.Rf4 Qe2 28.Rf2 Qe6 29.Re1 Qc8
30.Qxc8 Raxc8 31.Bb5 a3 32.Re7 Bc6 33.Bxc6 Rxc6 34.Nxb4 Re6 35.Rxe6 fxe6
36.Rxf8 Bxf8 37.bxa3 Kg7 38.Kc1 Kf6 39.Kd2 Kg5 40.Nd3 Bxa3 41.Ke2 Kf6 42.Nf4 g5
43.Ng2 Ke5 44.c4 Ke4 45.cxd5 exd5 46.Ne3 d4 47.Nf5 d3+ 48.Kd1 Kf4 49.Nxh6 Kg3
50.Kd2 Kxh3 51.Kxd3 Bf8 52.Nf7 Kxg4 53.Nxg5  1/2-1/2

[Event "CRO-chT"]
[Site "Makarska Tucepi"]
[Date "1995.??.??"]
[Round "?"]
[White "Zelic, Zdravko"]
[Black "Nikolac, Juraj"]
[Result "1-0"]
[WhiteElo "2390"]
[BlackElo "2460"]

1.e4 c5 2.Nf3 Nc6 3.d4 cxd4 4.Nxd4 Nf6 5.Nc3 d6 6.Bg5 e6 7.Qd2 Be7 8.O-O-O O-O
9.f4 Nxd4 10.Qxd4 Qa5 11.Bc4 Bd7 12.e5 dxe5 13.fxe5 Bc6 14.Bd2 Nd7 15.Nd5 Qd8
16.Nxe7+ Qxe7 17.Rhe1 Rfc8 18.Bf1 Bd5 19.Kb1 Qc5 20.Qxc5 Nxc5 21.Be3 a5 22.Rd4 Nd7
23.Bf4 Nf8 24.c4 Bc6 25.g3 h6 26.b3 Bf3 27.Be2 Bxe2 28.Rxe2 Rc5 29.Bc1 Ng6
30.Rde4 a4 31.b4 Rc7 32.Kb2 b5 33.Be3 bxc4 34.Bc5 Rd7 35.Kc3 Rd5 36.Kxc4 Rad8
37.Rd4 Rxd4+ 38.Bxd4 Ne7 39.b5 Rc8+ 40.Bc5 Nd5 41.Rd2 f6 42.exf6 Nxf6 43.Rd6 Kf7
44.Rc6 Rxc6 45.bxc6 Ke8 46.Kb5 Kd8 47.Kxa4 g6 48.Kb5 Nd5 49.Bd6 Nc3+ 50.Kb6 Kc8
51.a3 h5 52.Be5 Nd5+ 53.Kc5 Ne3 54.a4 Ng4 55.Kd6 Nxh2 56.a5 Nf3 57.a6  1-0

[Event "CRO-chT"]
[Site "Makarska Tucepi"]
[Date "1995.??.??"]
[Round "?"]
[White "Galic, Kruno"]
[Black "Doncevic, Dario"]
[Result "1/2-1/2"]
[WhiteElo "2250"]
[BlackElo "2355"]

1.e4 c5 2.Nf3 Nc6 3.d4 cxd4 4.Nxd4 Nf6 5.Nc3 d6 6.Bg5 e6 7.Qd2 a6 8.O-O-O h6
9.Bxf6 Qxf6 10.g3 Nxd4 11.Qxd4 Qxd4 12.Rxd4 Bd7 13.Bg2 Bc6 14.Rhd1 Be7 15.R4d2 O-O
16.f4 Rfc8 17.Ne2 Rc7 18.Nd4 Be8 19.Kb1 Rb8 20.f5 e5 21.Ne2 Rbc8 22.Nc3 Rxc3
23.bxc3 Rxc3 24.Kb2 Re3 25.Rd3 Re2 26.R1d2 Re1 27.Bf3 Rf1 28.h4 Bc6 29.Re3 Rg1
30.Be2 Rg2 31.Kc1 Bd8 32.Bc4 Rg1+ 33.Rd1 Rg2 34.Bd5 Bb6 35.Rb3 Bc5 36.Bxc6 bxc6
37.f6 gxf6 38.Rf3 a5 39.a4 Bd4 40.Rxf6 Rxg3 41.Rxd6 c5 42.Rf1 Ra3 43.Kd2 Be3+
44.Ke2 Bf4 45.Rd5 Rc3 46.Rb1 Rxc2+ 47.Kf3 h5 48.Rd8+ Kg7 49.Ra8 c4 50.Rc8 Rc3+
51.Ke2 Re3+ 52.Kd1 Rxe4 53.Rb5 Rd4+ 54.Kc2 Rd2+ 55.Kc3 Rd4 56.Rxc4 Bd2+  1/2-1/2

[Event "Mar del Plata op"]
[Site "Mar del Plata"]
[Date "1995.??.??"]
[Round "3"]
[White "Lorenzini, Martin"]
[Black "Zarnicki, Pablo"]
[Result "1/2-1/2"]
[WhiteElo "2305"]
[BlackElo "2520"]

1.e4 c5 2.Nf3 d6 3.d4 cxd4 4.Nxd4 Nf6 5.Nc3 Nc6 6.Bg5 e6 7.Qd2 a6 8.O-O-O h6
9.Be3 Be7 10.f3 Nxd4 11.Bxd4 e5 12.Be3 Be6 13.Kb1 Rc8 14.g4 Qa5 15.Nd5 Qxd2
16.Nxf6+ Bxf6 17.Rxd2 Rc6 18.h4 h5 19.g5 Be7 20.Bg2 f6 21.g6 b5 22.f4 Bg4
23.f5 Kd7 24.Re1 Rhc8 25.c3 Bd8 26.Bf1 Bb6 27.Bxb6 Rxb6 28.a3 Rc5 29.Re3 Ke7
30.b4 Rc8 31.Kb2 Rbc6 32.Rd5 Rd8 33.Bd3 Rdc8 34.Bc2 Rb6 35.Bb3 Rc7 36.Kc2 Ra7
37.Kb2 Rc7 38.Re1 Rbc6 39.Rd3 Ra7 40.Ree3 Rac7 41.Bc2 Ra7 42.Rd5 Rb6 43.Re1 Rc7
44.Bb3 Rbc6 45.Rd3 Ra7 46.Bd5 Rb6 47.Rde3 a5 48.Rg3 Kd7 49.Bb3 Kc7 50.Rd3 Kc6
51.Rd5 Rb8 52.Re3 Rb6 53.Rd2  1/2-1/2

[Event "Fide Mercenarios 2nd"]
[Site "MEX"]
[Date "1995.??.??"]
[Round "?"]
[White "Norgaard, Jesper"]
[Black "Martin del Campo, Jorge"]
[Result "1/2-1/2"]
[WhiteElo "2330"]
[BlackElo "2180"]

1.e4 c5 2.Nf3 d6 3.d4 cxd4 4.Nxd4 Nf6 5.Nc3 Nc6 6.Bg5 e6 7.Qd2 Be7 8.O-O-O O-O
9.f4 Nxd4 10.Qxd4 Qa5 11.e5 dxe5 12.Qxe5 Qxe5 13.fxe5 Nd5 14.Bxe7 Nxe7 15.Bd3 Nc6
16.Rhe1 Rd8 17.Nb5 Bd7 18.Nd6 Rab8 19.a3 Be8 20.Bb5 a6 21.Bd3 Kf8 22.Be4 h6
23.Bxc6 Bxc6 24.Rf1 Rd7 25.Rd2 Kg8 26.c4 b6 27.b4 Rbd8 28.c5 bxc5 29.bxc5 Rc7
30.Rf4 Bd5 31.Rc2 a5 32.Nb5 Rc6 33.Nd4 Rc7 34.Nb5 Rc6 35.Nd6 Rd7 36.Nb5 Rb7
37.a4 Bb3 38.Nd4 Bxc2 39.Nxc6 Rc7 40.Kxc2 Rxc6 41.Rc4 f6 42.Kd3 Kf7 43.Kd4 Ke7
44.Rc3 Rc8 45.c6 fxe5+ 46.Kxe5 Rc7 47.h4 h5 48.Rc4 Rc8 49.c7 Kd7 50.Rd4+ Ke7
51.Rc4 Kd7 52.Rc3 Rxc7 53.Rxc7+ Kxc7 54.Kxe6 Kc6 55.Kf7 Kc5 56.Kxg7 Kb4 57.Kg6 Kxa4
58.Kxh5 Kb5 59.g4 a4 60.g5 a3 61.g6 a2 62.g7 a1=Q 63.g8=Q Kc6 64.Qe6+ Kb7
65.Qe7+ Kc8 66.Qc5+ Kd7 67.Kg6 Qa6+ 68.Kg7 Qa1+ 69.Kh7 Qb1+ 70.Kh6 Qe4 71.Qa7+ Ke8
72.Qb8+ Kf7 73.Qc7+ Ke8 74.h5 Qe6+ 75.Kg5 Qe7+ 76.Qxe7+ Kxe7 77.Kg6 Kf8 78.Kh7 Kf7
79.h6 Kf8 80.Kh8 Kf7 81.h7 Kf8  1/2-1/2

[Event "Minsk"]
[Site "Minsk"]
[Date "1995.??.??"]
[Round "10"]
[White "Korneev, Oleg"]
[Black "Ivanov, Sergey"]
[Result "1-0"]
[WhiteElo "2540"]
[BlackElo "2535"]

1.e4 c5 2.Nf3 d6 3.d4 cxd4 4.Nxd4 Nf6 5.Nc3 Nc6 6.Bg5 e6 7.Qd2 Be7 8.O-O-O O-O
9.Nb3 d5 10.exd5 Nxd5 11.Bxe7 Qxe7 12.Nxd5 exd5 13.Bb5 Be6 14.Rhe1 Rac8 15.Kb1 Qd6
16.h3 a6 17.Bf1 Bf5 18.g4 Bg6 19.f4 f6 20.Bg2 Ne7 21.f5 Bf7 22.Nd4 Rfe8 23.a3 Nc6
24.Ne6 Bxe6 25.Rxe6 Rxe6 26.Bxd5 Kf8 27.Bxe6 Qxd2 28.Rxd2 Rd8 29.Rxd8+ Nxd8
30.Bd5 Ke7 31.c4 Kd6 32.Kc2 Ke5 33.b4 Kd4 34.a4 b5 35.Kb3 h6 36.a5 h5 37.gxh5 Ke5
38.Bf3 bxc4+ 39.Kxc4 Kxf5 40.Kc5 Ne6+ 41.Kb6 Nd4 42.Bg4+ Kg5 43.Kxa6 f5 44.Kb6 fxg4
45.hxg4 Kf6 46.a6  1-0

[Event "Mlada Boleslav op"]
[Site "?"]
[Date "1995.??.??"]
[Round "?"]
[White "Stripunsky, Alexander"]
[Black "Gross, Stefan"]
[Result "1-0"]
[WhiteElo "2495"]
[BlackElo "2350"]

1.e4 c5 2.Nf3 d6 3.d4 cxd4 4.Nxd4 Nf6 5.Nc3 Nc6 6.Bg5 Qb6 7.Nb3 e6 8.Bxf6 gxf6
9.Qd2 a6 10.O-O-O Be7 11.f4 Bd7 12.Kb1 O-O-O 13.Be2 h5 14.Rhf1 Kb8 15.Rf3 Rdg8
16.Bf1 h4 17.a3 Rh5 18.Na4 Qc7 19.Qf2 f5 20.exf5 Rxf5 21.Nb6 Be8 22.Rc3 Bf6
23.Rf3 Bd8 24.Nc4 d5 25.Ne3 Rh5 26.c4 Qb6 27.Qc2 dxc4 28.Nxc4 Qc7 29.Ka2 Be7
30.Rc1 Rf5 31.Qf2 Rd5 32.Bd3 Rd8 33.Be4 f6 34.Nca5 Rd6 35.Rfc3  1-0

[Event "Moscow-ch op"]
[Site "Moscow"]
[Date "1995.??.??"]
[Round "1"]
[White "Pokrovski, Pavel"]
[Black "Dragomarezkij, Evgeni"]
[Result "0-1"]
[WhiteElo "2270"]
[BlackElo "2475"]

1.e4 c5 2.Nf3 d6 3.d4 cxd4 4.Nxd4 Nf6 5.Nc3 Nc6 6.Bg5 Bd7 7.Qd2 Rc8 8.O-O-O Nxd4
9.Qxd4 Qa5 10.f4 h6 11.Bxf6 gxf6 12.Qd5 Qxd5 13.Rxd5 a6 14.Be2 e6 15.Rh5 Bg7
16.f5 Ke7 17.Rd1 Rc5 18.fxe6 Rxh5 19.Bxh5 fxe6 20.Rd3 Bc6 21.Rg3 Bf8 22.Kd2 Rh7
23.Ke3 Rg7 24.Bg6 h5 25.Bxh5 Rh7 26.Rh3 Bh6+ 27.Kd3 Bc1 28.b3 f5 29.Bg4 Rg7
30.Bf3 fxe4+ 31.Bxe4 d5 32.Bf3 Kd6 33.Ne2 Bg5 34.c4 Be8 35.Bh5 Bd7 36.Rf3 e5
37.Rf7 Rxf7 38.Bxf7 Bf5+ 39.Kc3 d4+ 40.Kb2 Be7 41.g3 b5 42.h4  0-1